[Event "Boavista-ch 3rd"]
[Site "Lisbon"]
[Date "2004.04.06"]
[Round "2"]
[White "Felix, Carlos"]
[Black "Ferreira, Susana Carolina G"]
[Result "1-0"]
[WhiteElo "1890"]
[BlackElo "1351"]
[PlyCount "99"]
[EventDate "2004.04.05"]
[EventType "swiss"]
[EventRounds "9"]
[EventCountry "POR"]
[SourceTitle "EXT 2005"]
[Source "ChessBase"]
[SourceDate "2004.11.15"]
[SourceVersion "1"]
[SourceVersionDate "2004.11.15"]
[SourceQuality "1"]

1. e4 e5 2. Nf3 Nc6 3. Bb5 Bc5 4. 0-0 d6 5. h3 Nf6 6. d3 0-0 7. Bg5 Bd7 8. Nc3 a6 9. Ba4 Be6 10. Bb3 h6 11. Bh4 Nd4 12. Nxd4 Bxd4 13. Kh1 Bxb3 14. axb3 Bxc3 15. bxc3 Re8 16. Qd2 c6 17. f4 exf4 18. Qxf4 Re6 19. Rf3 g5 20. Bxg5 hxg5 21. Qxg5+ Kh8 22. Raf1 Nh7 23. Qxd8+ Rxd8 24. Rxf7 Rb8 25. R1f5 Rh6 26. Rd7 Nf8 27. Rc7 Rh7 28. Rxh7+ Kxh7 29. g4 Kg6 30. Kg2 Ne6 31. e5 dxe5 32. Rxe5 Re8 33. Kg3 Ng7 34. Rxe8 Nxe8 35. Kf4 Nf6 36. c4 Nh7 37. h4 Kf6 38. d4 Nf8 39. g5+ Kg6 40. Kg4 Ne6 41. h5+ Kg7 42. c3 Nf8 43. Kf5 Kf7 44. d5 cxd5 45. cxd5 a5 46. c4 b6 47. g6+ Kg7 48. Kg5 Kh8 49. h6 Kg8 50. Kf6 1-0

[Event "Boavista-ch 3rd"]
[Site "Lisbon"]
[Date "2004.04.05"]
[Round "1"]
[White "Ferreira, Susana Carolina G"]
[Black "Vasquez, Maria Carvalho"]
[Result "0-1"]
[WhiteElo "1351"]
[BlackElo "1991"]
[PlyCount "66"]
[EventDate "2004.04.05"]
[EventType "swiss"]
[EventRounds "9"]
[EventCountry "POR"]
[SourceTitle "EXT 2005"]
[Source "ChessBase"]
[SourceDate "2004.11.15"]
[SourceVersion "1"]
[SourceVersionDate "2004.11.15"]
[SourceQuality "1"]

1. d4 d6 2. Bf4 Nf6 3. c4 c6 4. Nc3 g6 5. Nf3 Bg7 6. e3 Nbd7 7. Be2 0-0 8. 0-0 Re8 9. h3 Nh5 10. Bh2 e5 11. dxe5 dxe5 12. Ne1 Nhf6 13. Nf3 Qe7 14. Qc2 b6 15. e4 Nh5 16. Qd2 Nc5 17. Rfd1 Nf4 18. Bxf4 exf4 19. Qxf4 Bxc3 20. bxc3 Qxe4 21. Qxe4 Nxe4 22. Rdc1 Nxc3 23. Rxc3 Rxe2 24. Kf1 Re4 25. Rd1 Ba6 26. Rdc1 Rae8 27. Nd2 Re2 28. Rd1 Bc8 29. a4 Bf5 30. f3 R2e3 31. Rxe3 Rxe3 32. Ra1 Bd3+ 33. Kg1 Re2 0-1